000 00504nam a22001817a 4500
003 OSt
005 20140311134815.0
008 130529t xxu||||| |||| 00| 0 eng d
020 _a9715740499
050 _aQA 39
_b.N758 2001
082 _aFIL 511.8
_bEs7 2001
245 _aEssentials of college modern Mathematics of Investments
_cNocon, Ferdinand P.
260 _aQuezon City
_bKatha Publishing Co., Inc.
_cc2001
300 _a186 p.
942 _2lcc
_cBK
_kFIL
999 _c35895
_d35895